Chicos en banda : los caminos de la subjetividad en el declive de las instituciones

En este libro, las autoras, hablan de las experiencias de los chicos en el tiempo del declive de las instituciones. A estos chicos en banda, en el sentido de estar sin instituciones, a la deriva, sin familia portadora de ley, sin escuelas portadoras de ciudadanía y sin Estado protector, se les dific...

Full description

Bibliographic Details
Main Author: Duschatzky, Silvia
Other Authors: Corea, Cristina
Format: Libro
Language:Spanish
Published: Buenos Aires Paidós 2005
Series:Tramas sociales
Subjects:
Online Access:

MARC

LEADER 00000cam a2200000 a 4500
001 004778
003 UAHC_CL
005 20210416115606.0
008 150304s2005 ag 000 spa
952 |0 0  |1 0  |2 ddc  |4 0  |6 305_230000000000000_DUS  |7 0  |8 COMP  |9 10684  |a BC  |b BC  |c General  |d 2017-08-03  |l 10  |m 12  |o 305.23 DUS  |p 1409104  |r 2024-12-17 20:48:21  |s 2024-11-06  |t 1  |w 2017-08-03  |y BK  |z También lo encuentras en bibliografías.academia.cl 
999 |c 4778  |d 4778 
020 |a 9501245152 
040 |a UAHC_CL  |c UAHC_CL  |d UAHC_CL 
082 0 4 |a 305.23  |b D971  |2 21 
100 |9 12921  |a Duschatzky, Silvia 
245 1 0 |a Chicos en banda :  |b los caminos de la subjetividad en el declive de las instituciones  |c Silvia Duschatzky, Cristina Corea. 
260 |b Paidós  |a Buenos Aires  |c 2005 
300 |a 208 p. 
490 0 |a Tramas sociales 
520 |a En este libro, las autoras, hablan de las experiencias de los chicos en el tiempo del declive de las instituciones. A estos chicos en banda, en el sentido de estar sin instituciones, a la deriva, sin familia portadora de ley, sin escuelas portadoras de ciudadanía y sin Estado protector, se les dificulta la construcción de su subjetividad. Pero por otro lado, conforman bandas, esas redes inventadas, a través de las cuales se sostienen en las duras condiciones por las que atraviesan. Las bandas de los chicos son universos en los que se sufre, se piensa, se arman lazos y constituyen territorios de experiencias subjetivas. Queda, entonces, latiendo la pregunta ¿qué sucede con las instituciones cuando no hay instituciones?. ¿Acaso se acabó la escuela?. La tesis en la que se apoyan Duschatzky y Corea es que: habrá escuela allí donde haya algo que fundar y en la experiencia de ser afectados por unas prácticas que se decide nombrar como escuela. 
521 |a Taller 2 
650 0 |a Jóvenes   |x Condiciones sociales  |9 11654 
650 0 |a Jóvenes  |x Política gubernamental  |9 13670 
650 0 |a Jóvenes  |x Conducta de vida  |9 13671 
700 |9 13669  |a Corea, Cristina 
942 |c BK  |2 ddc